| 000 | 00650nam a22001695i 4500 | ||
|---|---|---|---|
| 001 | 166800 | ||
| 003 | ES-MaACL | ||
| 005 | 20230906213414.0 | ||
| 008 | 990113s1885 fr bf |||| | spa d | ||
| 040 |
_aCCPB | B _bspa _cCCPB | B |
||
| 100 | 1 |
_aUribe Ángel, Manuel. _9133457 |
|
| 245 | 1 | 0 |
_aGeografia general y compendio historico del Estado de Antioquia en Colombia / _cpor Manuel Uribe Angel. |
| 260 |
_aParis : _b[s.n.], _c1885 ( _fImprenta de Victor Goupy y Jourdan) |
||
| 300 |
_aXV, 783 p., 35 h. de lám., [2] h. de mapas col. ; _c27 cm. |
||
| 651 | 4 |
_aAntioquia (Colombia)- _xGeografía. _9137045 |
|
| 852 |
_aES-MaACL _jG-9951 _z-- Enc. piel |
||
| 999 |
_c166800 _d166800 |
||